|
|
|
|
| LEADER |
00000nab a2200000 a 4500 |
| 001 |
vtls000784537 |
| 003 |
SK-MaSNL |
| 005 |
20260302154932.0 |
| 008 |
140506c2001 xo 0 slo |
| 015 |
|
|
|a SNBRB2002/02-06587
|
| 035 |
|
|
|a CLN000136210
|
| 040 |
|
|
|a SNKBUCL
|b slo
|c SNKBUCL
|e AACR2
|
| 041 |
0 |
|
|a slo
|
| 044 |
|
|
|a xo
|c SK
|
| 080 |
|
|
|a 16+001.8:061.3
|2 1997
|
| 100 |
1 |
|
|a Viceník, Jozef,
|d 1941-
|4 aut
|9 15207
|
| 245 |
1 |
0 |
|a Seminár k Dejinám logiky a metodológie vied v Čechách a na Slovensku po roku 1918
|c Jozef Viceník
|
| 650 |
0 |
7 |
|a logika
|x metodológia vied
|y po r. 1918
|z Česko-Slovensko
|x semináre
|x 8.-10.10.2001
|2 snkbucl
|9 852561
|
| 650 |
0 |
7 |
|a metodológia vedy
|2 snkbucl
|9 77252
|
| 655 |
|
7 |
|a články z novín a časopisov
|2 snkbucl
|9 267496
|
| 773 |
0 |
|
|t ORGANON F
|g Roč. 8, č. 4 (2001), s. 466-470
|x 1335-0668
|
| 850 |
|
|
|a Slovenská národná knižnica v Martine
|
| 852 |
|
|
|a SNK
|b KIS3GCP
|
| 958 |
|
|
|a SK
|
| 958 |
|
|
|a CZ
|
| 992 |
|
|
|a RBX
|
| 999 |
|
|
|c 1369849
|d 1371779
|